| 000 | 00656nam a2200205 a 4500 | ||
|---|---|---|---|
| 005 | 20240913064028.0 | ||
| 008 | 991125s1968 ag 000 0 spa u | ||
| 035 | _aUPN01000005092 | ||
| 049 | _aCG | ||
| 050 | 4 |
_aLB3092 P42 _bA9.8 1968 |
|
| 100 | 1 |
_aPiaget, Jean, _d1896-1980 |
|
| 245 | 1 | 3 |
_aLa autonomía en la escuela / _cJean Piaget y J. Heller ; tr. María Luisa Navarro de Luzuriaga. |
| 250 | _a6a ed. | ||
| 260 |
_aBuenos Aires : _bLosada, _c1968. |
||
| 300 | _a193 p. | ||
| 440 | 0 |
_aPublicaciones de la Revista de Pedagogía. _pLa escuela activa |
|
| 650 | 4 |
_aAutonomía en la educación _93083 |
|
| 650 | 4 |
_aEscuela activa _94099 |
|
| 905 | _aLibro | ||
| 999 |
_c5092 _d5092 |
||